Score 0/15 Timer 02:00
0 Plays Today
Song Missing Word % Correct
The Show ____ Go OnMust
94.6%
There's No Business ____ Show BusinessLike
93.4%
Show Me ___ to LiveHow
87%
Show and ____Tell
86.3%
Show Me the Way to Go ____Home
73%
Show Me the ___Way
61.2%
You Don't Have to Be a ____ (To Be In My Show)Star
56.1%
Show Me What I'm _______ ForLooking
49%
Song Missing Word % Correct
Show Me ____Love
40.4%
Show Me the _______ Of Being LonelyMeaning
35.1%
Show ___ KidsBiz
20.4%
The ____ ShowRock
19.1%
The ____ ShowDope
17.7%
_______ ShowPicture
3.8%
_____ ShowSlide
1.7%

Today's Daily Dose

Remove Ads.
Support Sporcle.
Get the best of Sporcle when you Go Orange. This ad-free experience offers more features, more stats, and more fun while also helping to support Sporcle. Thank you for becoming a member.

You're not logged in!

Compare scores with friends on all Sporcle quizzes.
OR
Log In

Show Comments

Extras

Top Quizzes Today


Score Distribution

Your Account Isn't Verified!

In order to create a playlist on Sporcle, you need to verify the email address you used during registration. Go to your Sporcle Settings to finish the process.

Report this User

Report this user for behavior that violates our Community Guidelines.

Details: